[Event "Tournoi ouvert de Gatineau (Section -1500)"]
[Site "Gatineau"]
[Date "2014.03.01"]
[Round "2"]
[White "Sailus,Christopher"]
[Black "Ethier,Valori"]
[Result "0-1"]
[BlackElo "1376"]
[WhiteElo "1174"]

{ D10: Slav Defence: 3 cxd5 (without early Nf3) and 3 Nc3 } 1.d4 d5 2.c4 c6
3.Nc3 e5 4.dxe5 d4 5.Ne4 Qa5+ ( 5...Bf5 6.Ng3 Bg6 7.e4 dxe3 8.Qxd8+ Kxd8
9.Bxe3 Bb4+ 10.Bd2 Bxd2+ 11.Kxd2 Nd7 12.f4 Nh6 13.Nf3 Ke7 14.Kc3 Nc5 15.Nh4
Ke6 16.Be2 Rad8 17.Nxg6 hxg6 18.b4 Na4+ 19.Kb3 Nb6 20.Rad1
{ Engqvist,T 
(2365)-Bagirov,V (2475)/Stockholm 1990/EXT 1997/1-0 (62) } ) 6.Bd2 Qxe5 7.Qc2
Bf5 8.Qb3 $2 $146 { Diagram # } ( 8.f3 Nd7 9.e3 ( 9.g3 Nc5 10.Bf4 Bxe4
11.fxe4 Qxe4 12.Qxe4+ Nxe4 13.a3 g5 14.Be5 f6 15.Bxd4 c5 16.Be3 Bd6 17.Bg2 f5
18.O-O-O O-O-O 19.Nf3 f4 20.gxf4 gxf4 21.Bd2 Nf2 22.Ng5 Nh6 23.Ne6 Rde8
{ Ziolkowski,M-Fossataro,M/Dos Hermanas 2004/EXT 2005/0-1 (31) } ) 9...Nc5 ( 
9...dxe3 10.Bxe3 Bb4+ 11.Bd2 Bxd2+ 12.Qxd2 Ngf6 13.Qd6 Qxb2 14.Rd1 Qxa2
15.Bd3 Qa5+ 16.Rd2 O-O-O 17.Qe7 Nxe4 18.Bxe4 Rhe8 19.Qxf7 Bxe4 20.fxe4 Rxe4+
21.Ne2 Qxd2+
{ 0-1 De Troch,J (1260)-Deneufeglise,P (1908)/Charleroi
2003/EXT 2004 } ) 10.Bd3 dxe3 11.Bxe3 Nxd3+ 12.Qxd3 Bb4+ 13.Kf1 Rd8 14.Qc2
Nf6 15.Nxf6+ gxf6 16.Qc1 O-O 17.Ne2 Rfe8 18.Kf2 Bd2 19.Bxd2 Qxe2+ 20.Kg3 Rxd2
{ 0-1 Vieira,R (1800)-Juliano,J (1933)/Curitiba 2012/CBM 152 Extra } ) ( 
8.f3 $5 $17 ) 8...Bxe4 ( 8...Qxe4 9.Qxb7 c5 10.Qxe4+ Bxe4 11.e3 $19 ) 9.Qxb7
( 9.f3 Nd7 10.fxe4 $19 ) 9...c5 10.Qc8+ Ke7 11.b4 ( 11.Nf3 Qd6 12.Ng5 Bc6 $19
) 11...d3 ( 11...Nd7 $5 { keeps an even firmer grip } 12.Qa6 Ke8 13.Nf3 $19 )
12.Rc1 ( 12.Qxc5+ $142 Qxc5 13.bxc5 dxe2 14.Nxe2 $19 ) 12...Bxg2 $4
{ stumbles
just before the finish line } ( 12...Nd7 $142
{ the advantage is on the side of
Black } 13.Qa6 Ke8 $19 ) 13.Bxg2 $18 Na6 ( 13...Nf6
{ doesn't improve anything } 14.Bxa8 Nbd7 15.f4 $18 ) 14.Qxa6 ( 14.Qxa8 $142
{ and White can already relax } 14...Nc7 ( 14...cxb4 $4 15.Qxa7+ Kd8 16.Qxa6
$18 ) ( 14...Nxb4 $4 15.Qxa7+ Kd8 16.a3 $18 ) 15.Qxa7 Ke6 $18 ) 14...Rd8
15.Qxa7+ Ke6 ( 15...Rd7 { doesn't get the
bull off the ice } 16.Qxc5+ Qxc5 17.bxc5 $18 ) 16.Qb6+ Rd6 ( 16...Ke7
{ doesn't get the cat off the tree } 17.f4 Qb8 18.Qxc5+ Qd6 19.Qxd6+ Kxd6
20.c5+ Ke6 21.b5 $18 ) 17.Qxc5 ( 17.Bd5+ $142
{ makes it even easier for White } 17...Kf6 18.Qa7 $18 ) 17...Qb2 ( 
17...Qxc5 { otherwise it's curtains at once } 18.bxc5 Rd8 $18 ) 18.Qe3+ Kd7
19.b5 ( 19.Qa7+ { seems even better } 19...Ke8 20.c5 Rd7 21.Qb8+ Ke7 $18 )
19...Qxa2 20.Bc6+ Kc7 ( 20...Rxc6 $4 21.bxc6+ Kxc6 22.Qe8+ Kc7 23.Qxf8 $18 )
21.Qf4 ( 21.Qe8 $5 { might be the shorter path } 21...Rxc6 22.Qxc6+ Kd8 $18 )
21...Kd8 ( 21...g5 { does not help much } 22.Qxf7+ Ne7 23.exd3 $18 ) 22.Qxf7
( 22.c5 $142 { and White has triumphed } 22...g5 23.Qe5 Rxc6 24.bxc6 $18 )
22...Nf6 23.Bb4 ( 23.Nf3 $142 { and White can celebrate victory } 23...Be7
24.Ng5 dxe2 25.Bc3 $18 ) 23...d2+ 24.Bxd2 ( 24.Kf1
{ doesn't change anything
anymore } 24...dxc1=Q+ 25.Be1 Qxe1+ 26.Kg2 Qaa1 27.Nf3 Qxh1+ 28.Kg3 Qaf1
29.Kf4 Qxf2 30.Kf5 g6+ 31.Qxg6 hxg6+ 32.Kxg6 Qhg2+ 33.Kf5 Qg4+ 34.Ke5 Re6# )
24...Qxd2+ ( 24...Rxd2 $4 25.Kf1 Be7 26.Qe6 $18 ) 25.Kf1 Qxc1+ 26.Kg2 Qg5+
27.Kf3 Qf5+ 28.Ke3 ( 28.Kg2 { cannot undo what has already been done }
28...Qg4+ 29.Kf1 Rd1# ) 28...Ng4# 0-1

[Event "Tournoi ouvert de Gatineau (Section -1500)"]
[Site "Gatineau"]
[Date "2014.03.01"]
[Round "2"]
[White "Demchenko,Svitlana"]
[Black "Gunn,Richard"]
[Result "1-0"]
[BlackElo "1206"]
[WhiteElo "1369"]

1. e4 a6 2. d4 Nf6 3. Nc3 d6 4. Nf3 g6 5. Bd3 Bg7 6. h3 O-O 7.
Be3 Nbd7 8. O-O e5 9. dxe5 Nxe5 10. Nxe5 dxe5 11. Qd2 b5 12. a3 Bb7 13. Rad1
Qe7 14. b4 Ne8 15. Be2 Nd6 16. Bc5 Rfd8 17. Nd5 Bxd5 18. Qxd5 Qh4 19. f3 Nf5
20. Qb3 Nd4 21. Bxd4 exd4 22. f4 Rac8 23. Bg4 Rb8 24. Be2 Rb6 25. Qf3 Rc6 26.
Bd3 Rc3 27. Ra1 c5 28. bxc5 Bf8 29. Qf2 Bxc5 1-0

[Event "Tournoi ouvert de Gatineau (Section -1500)"]
[Site "Gatineau"]
[Date "2014.03.01"]
[Round "2"]
[White "Poirier,Damien"]
[Black "Ouimet,Alain H."]
[Result "0-1"]
[BlackElo "1350"]
[WhiteElo "1077"]

1. e4 d6 2. d4 Nf6 3. Nc3 c6 4. Nf3 Bg4 5. h3 Bh5 6. g4 Bg6 7.
Bf4 Bxe4 8. Nxe4 Nxe4 9. c3 e6 10. Qc2 d5 11. O-O-O Qa5 12. Bd3 Qxa2 13. Bxe4
dxe4 14. Qxe4 Qd5 15. Rhe1 Nd7 16. Qxd5 cxd5 17. Ne5 Bd6 18. Bg3 Nxe5 19. dxe5
Be7 20. f4 a5 21. f5 a4 22. Re2 O-O 23. h4 h6 24. f6 gxf6 25. exf6 Bxf6 26. Rg1
Rfc8 27. g5 Be7 28. Be5 Kh7 29. Reg2 Rg8 30. Rf1 Raf8 31. Bf6 Bxf6 32. Rxf6 Rg6
33. Rgf2 Rxf6 34. Rxf6 Kg7 35. Rxh6 Rh8 36. Rf6 Rxh4 37. Kb1 Rg4 38. Ka2 Rxg5
39. Rf4 f5 40. Rxa4 Kf6 41. b4 f4 42. Kb3 f3 43. Ra2 Rg2 44. Ra1 f2 45. Rf1 e5
46. c4 d4 47. Kc2 e4 48. b5 Ke6 49. c5 Kd5 50. c6 bxc6 0-1

[Event "Tournoi ouvert de Gatineau (Section -1500)"]
[Site "Gatineau"]
[Date "2014.03.01"]
[Round "2"]
[White "Ketata,Nabil"]
[Black "Carabineanu,Marcel"]
[Result "0-1"]
[BlackElo "1315"]
[WhiteElo "1115"]

1. f4 Nc6 2. d4 d5 3. e3 Nf6 4. Nf3 Bf5 5. a3 e6 6. b4 Bd6 7. Be2 O-O 8. O-O
Ne4 9. Bb2 Qf6 10. Nc3 Qg6 11. Nxe4 Bxe4 12. Bd3 Be7 13. Qe2 Bf6 14. a4 Nxb4
15. Bc3 Nc6 16. Bxe4 dxe4 17. Ne5 Bxe5 18. dxe5 a5 19. Rab1 b6 20. Rfd1 Rac8
21. Qa6 Ne7 22. Rd7 Nf5 23. Qe2 Nh4 24. Be1 Nf3+ 25. Kh1 Nxe1 26. Rxe1 f6 27.
exf6 gxf6 28. Rf1 f5 29. g3 Rf7 30. Qa6 Rcf8 31. Rd2 h5 32. Rfd1 Qg7 33. Qe2
Qh7 34. Qc4 Re7 35. Qd4 h4 36. Rf2 h3 37. Rfd2 Qh5 38. Qa1 Qf3+ 39. Kg1 Qxe3+
40. Rf2 Qc5 41. Rdd2 e3 42. Rde2 exf2+ 43. Rxf2 Rd7 44. Qf1 Rh7 45. Qe2 Qd4 46.
Qxe6+ Rff7 47. Qe8+ Kg7 48. Qe5+ Qxe5 49. fxe5 Re7 50. Re2 Kf7 51. Kf2 Rh6 52.
Re3 Rhe6 53. g4 fxg4 54. Re4 Rxe5 55. Rf4+ Ke8 56. Rxg4 Re2+ 57. Kg3 R7e3+ 58.
Kh4 Rxc2 59. Rg8+ Kd7 60. Rg7+ Kc6 61. Rg6+ Kb7 62. Kg4 Rg2+ 63. Kf4 Rxg6 64.
Kxe3 Rg2 65. Kf3 Rxh2 66. Kg3 Ra2 67. Kxh3 Rxa4 68. Kg3 Rd4 69. Kf3 c5 70. Ke3
a4 0-1

[Event "Tournoi ouvert de Gatineau (Section -1500)"]
[Site "Gatineau"]
[Date "2014.03.01"]
[Round "2"]
[White "Tsypin,Allison"]
[Black "Mikhaylov,Dmitry"]
[Result "1-0"]
[BlackElo "1137"]
[WhiteElo "1300"]

1. e4 e5 2. Nf3 Nc6 3. Bc4 Nf6 4.
d3 Bc5 5. Nc3 d6 6. Be3 Bxe3 7. fxe3 Bg4 8. Qe2 Qd7 9. O-O-O O-O-O 10. Kb1 Nh5
11. Qf2 f5 12. h3 Bxf3 13. Qxf3 g6 14. exf5 Kb8 15. g4 Nf6 16. g5 Nh5 17. f6
Rhf8 18. Nd5 h6 19. h4 Na5 20. Rdf1 Nxc4 21. dxc4 c6 22. Ne7 Qe6 23. Nxg6 Rf7
24. Qxh5 d5 25. Nxe5 Rc7 26. g6 dxc4 27. f7 Qd6 28. g7 Rcc8 29. f8=Q Rxf8 30.
Rxf8 Rxf8 31. gxf8=Q+ Qxf8 32. Nd7+ 1-0

[Event "Tournoi ouvert de Gatineau (Section -1500)"]
[Site "Gatineau"]
[Date "2014.03.01"]
[Round "2"]
[White "Simard,Paul"]
[Black "Legare,Gilles"]
[Result "0-1"]
[BlackElo "1115"]
[WhiteElo "1286"]

{ B30: Défense sicilienne (variante Rossolimo) } 1.e4 c5 2.Nf3 e5 3.Nc3 Nc6
4.Bc4 d6 5.h3 Nf6 6.O-O Be7 7.d3 { dernier coup de la bibliothèque } 7...Bd7
8.a4 Nd4 9.Nd5 O-O 10.c3 Nxf3+ 11.Qxf3 Nxd5 12.Bxd5 Bc6 13.Bb3 Bg5 14.Be3 Qf6
15.Qg4 { Les Blancs menacent un gain matériel: Dg4xg5 } 15...Bh6 16.h4 Rad8
17.Bg5 Bxg5 18.hxg5 Qg6 19.f4 Bd7 $4 ( 19...exf4 $142
{ représente une bonne chance
de sauver la partie. } 20.Rxf4 d5 $14 ) 20.f5 $18 h5 $4
{ triste, mais avec
quel coup les Noirs auraient-ils pu sauver la partie? } ( 20...h6 21.fxg6
Bxg4 22.Kh2 $18 ) 21.fxg6 ( 21.Qh4 $142 { assure le point. } 21...Qh7
22.Bxf7+ Kh8 23.Bg6 Qxg6 24.fxg6 $18 ) 21...Bxg4 ( 21...hxg4 $4 22.Kh2 $18 )
22.gxf7+ ( 22.Bd5 $142 $18 ) 22...Kh8 $4 { mène à de graves problèmes. } ( 
22...Kh7 23.Bd5 $16 ) 23.Kf2 ( 23.g6 $142 { et les Blancs l'emportent. }
23...d5 24.exd5 $18 ) 23...Kh7 24.Kg3 Be2 25.Rf2 Bxd3 26.Bd5 Rb8 $4
{ un oubli. Mais les Noirs avaient déjà
perdu de toute façon. } ( 26...c4 $142 $18 ) 27.Rh1 ( 27.c4
{ semble même mieux. } 27...Bxc4 28.Bxc4 b6 $18 ) 27...g6 ( 27...Ba6 28.Kh4
Kg6 29.Rd1 $18 ) 28.Kh4 ( 28.c4 $142 { et les Blancs triomphent. } 28...Kg7
29.Rd1 Bxe4 30.Bxe4 Rbd8 $18 ) 28...Ba6 ( 28...b5
{ ne change vraiment rien. } 29.axb5 Bxb5 30.g4 $18 ) 29.g4 hxg4 ( 29...Kg7
{ en priant pour un miracle. } 30.gxh5 b6 $18 ) 30.Kxg4+ ( 30.Kg3+ Kg7
31.Rfh2 Rfe8 32.fxe8=R Rxe8 33.Rh7+ Kf8 34.Rf7+ Kg8 35.Rxb7+ Re6 36.Bxe6+ Kf8
37.Rh8# ) 30...Kg7 $18 31.Rh6 b6 32.Rf6 ( 32.Rfh2 Be2+ 33.Rxe2 Rh8 34.Reh2
Rxh6 35.gxh6+ Kh7 36.Kg5 Rc8 37.Rf2 Rf8 38.Rf6 a6 39.Rxg6 c4 40.Rg7+ Kh8
41.Kg6 Rxf7 42.Bxf7 d5 43.Rh7# ) 32...Be2+ 33.Kh4 Bh5 34.Be6 $4
{ les Blancs perdent une partie gagnée. } ( 34.Rxd6 $142
{ et le résultat est
clair: les Blancs gagnent. } 34...Rbd8 35.Rf6 $18 ) 34...Rh8 $16 35.Bg4 $4
{ fait
oublier une victoire certaine. } ( 35.Rxh8 $142 Rxh8 36.Kg3 $16 ) 35...Rxh6
$19 36.Rf2 ( 36.f8=B+ { quoi d'autre? } 36...Rxf8 37.Rxf8 Bxg4+ 38.gxh6+ Kxf8
39.Kxg4 $19 ) 36...Rhh8 37.Rf6 Rbf8 38.Be6 ( 38.Rxd6
{ ne peut pas changer le cours
des choses pour ?. } 38...Bxg4+ 39.Kxg4 Rxf7 $19 ) 38...Bd1+ ( 38...Be2+ $142
{ assure la victoire. } 39.Kg3 Rh5 40.Kf2 Rxg5 41.Kxe2 Kxf6 42.Bd5 Rg2+
43.Ke3 Rxb2 44.Bc4 $19 ) 39.Kg3 Bc2 ( 39...Rh5 $142 { et les Noirs gagnent. }
40.Rf1 Rxg5+ 41.Kf2 Bxa4 42.Ke3 $19 ) 40.Kf3 Bxa4 41.Bf5 ( 41.Bd5
{ il n'y a
rien de mieux dans la position. } 41...Bd1+ 42.Kf2 Rh2+ 43.Ke1 $19 )
41...gxf5 42.exf5 Bc6+ ( 42...Rxf7 { et les Noirs peuvent se relaxer. }
43.Rg6+ Kf8 44.b3 Bxb3 45.f6 $19 ) 43.Kg3 Rxf7 ( 43...Be4 $142
{ éclaircit la position. } 44.Rxd6 Bxf5 45.b4 $19 ) 44.Rg6+ Kf8 45.f6 Be4
46.Rg7 ( 46.b3 { ne mène pas au salut. } 46...Bxg6 47.Kf3 Rh2 48.b4 Rfh7
49.f7 Bf5 50.bxc5 R7h3# ) 46...Rxg7 47.fxg7+ Kxg7 48.Kg4 ( 48.Kf2
{ ne résout rien. } 48...d5 49.b3 d4 50.c4 Rh2+ 51.Ke1 d3 52.Kd1 Bf3+ 53.Kc1
d2+ 54.Kc2 d1=Q+ 55.Kc3 Qd4# ) 48...Bg6 ( 48...Rh2 49.b4 cxb4 50.c4 b3 51.Kg3
Rg2+ 52.Kh3 b2 53.Kh4 b1=R 54.Kh5 Rh1# ) 49.Kg3 ( 49.Kf3
{ ne gagne pas un prix. } 49...e4+ 50.Ke2 Rh2+ 51.Ke3 Rh3+ 52.Kd2 e3+ 53.Ke2
c4 54.Kf1 Be4 55.Ke2 Bd3+ 56.Ke1 Rh1# ) 49...e4 ( 49...Rf8 50.Kg4 e4 51.Kh3
e3 52.Kg2 e2 53.c4 e1=Q 54.b3 Qf2+ 55.Kh3 Bf5# ) 50.Kf4 ( 50.Kf2
{ ne
sauve rien. } 50...Rh2+ 51.Ke3 Rh3+ 52.Ke2 Bh5+ 53.Kf2 e3+ 54.Kg2 Rf3 55.Kg1
e2 56.b4 e1=Q+ 57.Kg2 Rg3+ 58.Kh2 Qg1# ) 0-1

[Event "Tournoi ouvert de Gatineau (Section -1500)"]
[Site "Gatineau"]
[Date "2014.03.01"]
[Round "3"]
[White "Menard,Marc"]
[Black "Tsypin,Allison"]
[Result "1-0"]
[BlackElo "1300"]
[WhiteElo "1456"]

1. e4 e5 2. Nf3 Nc6 3. Bb5 a6 4. Ba4 Nf6 5. O-O Be7 6. c3 b5 7. Bb3 d6 8. Re1
O-O 9. d4 exd4 10. Nxd4 Ne5 11. Nd2 Bb7 12. Nf5 Bc8 13. Nxe7+ Qxe7 14. Nf3 Nfd7
15. a4 Bb7 16. Nd4 bxa4 17. Bxa4 Nc5 18. f3 Qf6 19. Bc2 Ne6 20. Bb3 Nf4 21.
Bxf4 Qxf4 22. Qc1 Qxc1 23. Rexc1 Rab8 24. Bd5 Bxd5 25. exd5 Rxb2 26. Rxa6 Rfb8
27. Rca1 h6 28. Ra7 Nd3 29. h4 R2b7 30. Nc6 Rb1+ 31. Rxb1 Rxb1+ 32. Kh2 Nc5 33.
Rxc7 Rc1 34. Rc8+ Kh7 35. Rd8 Rxc3 36. Rxd6 Rd3 37. Ne5 Rd4 38. Kg3 f6 39. Nf7
Kg6 40. Ne5+ Kf5 41. Nc6 Rd2 42. Rd8 Kg6 43. Kg4 Rxg2+ 44. Kf4 Rd2 45. Rc8 Kh5
46. Rg8 Kg6 47. Rc8 Kh5 48. Ne7 Nd3+ 49. Ke3 Rd1 50. Ke2 Nb2 1-0

[Event "Tournoi ouvert de Gatineau (Section -1500)"]
[Site "Gatineau"]
[Date "2014.03.01"]
[Round "3"]
[White "Latreille,Etienne"]
[Black "Raymond,Robert"]
[Result "0-1"]
[BlackElo "1348"]
[WhiteElo "1426"]

1. d4 d5 2. Nc3 e6 3. e3 Nf6 4. Bd3 Be7 5. Nf3 O-O 6. e4 dxe4 7. Nxe4 Nbd7 8.
O-O b6 9. Bg5 Bb7 10. Nxf6+ Bxf6 11. Bxf6 Nxf6 12. c3 c5 13. Rc1 cxd4 14. Nxd4
Qd5 15. f3 Qxa2 16. Qe2 Qd5 17. Bc4 Qc5 18. b4 Qc8 19. Rfe1 a6 20. Qa2 Bd5 21.
Bb3 Bxb3 22. Qxb3 b5 23. f4 Re8 24. Qc2 Qc7 25. Qf2 e5 26. fxe5 Rxe5 27. Qf3
Rae8 28. Rxe5 Rxe5 29. Qa8+ Re8 30. Qxa6 Qf4 31. Rd1 Qe3+ 32. Kf1 Qf4+ 33. Nf3
Qc4+ 34. Kg1 Qxc3 35. Qxb5 Qe3+ 36. Kf1 Ng4 37. Qc5 Qe2+ 0-1

[Event "Tournoi ouvert de Gatineau (Section -1500)"]
[Site "Gatineau"]
[Date "2014.03.01"]
[Round "3"]
[White "Ethier,Valori"]
[Black "Ouimet,Alain H."]
[Result "1/2-1/2"]
[BlackElo "1350"]
[WhiteElo "1376"]

{ B07: Pirc Defence: Miscellaneous Systems } 1.e4 d6 2.d4 Nf6 3.Nc3 c6 4.Nf3
Bg4 5.Be2 h6 ( 5...d5 6.e5 Nfd7 7.Ng5 Bxe2 8.e6 f6 9.exd7+ Qxd7 10.Qxe2 fxg5
11.Bxg5 Qf5 12.Bh4 Nd7 13.Bg3 h5 14.h4 Rh6 15.O-O-O Re6 16.Qd2 O-O-O 17.Rde1
Rxe1+ 18.Rxe1 e6 19.Re3 Bb4 20.Qe2
{ Cosma,I (2400)-Negulescu,A 
(2445)/Romania 1992/EXT 1997/1/2-1/2 } ) 6.O-O Bh5 $146 { Diagram # } ( 
6...e6 7.Be3 Be7 8.Nd2 Bxe2 9.Qxe2 Nbd7 10.a4 Qa5 11.Nc4 Qh5 12.Qxh5 Nxh5
13.d5 cxd5 14.exd5 Rc8 15.b3 Ne5 16.Bxa7 Nxc4 17.bxc4 Rxc4 18.Nb5 e5 19.a5
O-O 20.Na3 Ra4 21.Nb5 { Bode,U (2280)-Marzoll,W/Oberursel 1989/GER/0-1 (43) }
) ( 6...Nbd7 7.Be3 e5 8.dxe5 Nxe5 9.Nxe5 Bxe2 10.Nxf7 Bxd1 11.Nxd8 Bxc2
12.Nxb7 Nxe4 13.Rac1 Nxc3 14.Rxc2 Nxa2 15.Rxc6 Nb4 16.Rc4 Nd5 17.Rfc1 Nxe3
18.fxe3 g5 19.Rc7 Rg8 20.R1c6 Rg6 21.b4
{ Borger,M (1707)-Gestrich,W (1594)/
Bad Woerishofen 2001/EXT 2002/1-0 } ) 7.Re1 { Black's piece can't move: f8 }
7...Bg6 $2 ( 7...e6 8.d5 $14 ) 8.Bd3 ( 8.e5 $142
{ a shame that White overlooked this
excellent chance } 8...Ne4 9.Nh4 Nxc3 10.bxc3 $18 ) 8...e6 $16
{ Prevents
intrusion on d5 } 9.Bf4 { Black has a cramped position } 9...Nh5
{ Black threatens to
win material: Nh5xf4 } 10.Be3 { Black has a cramped position } 10...Nf6
11.Bf4 { Twofold repetition } 11...Be7
{ Black should quickly conclude development. } ( 11...Nh5 12.Bd2 $16 ) 12.Qd2
{ Black has a cramped position } 12...Nbd7 13.e5 dxe5 14.dxe5 Nd5 15.Nxd5
cxd5 ( { Instead of } 15...exd5 16.e6 Nc5 17.exf7+ Bxf7 18.Qe2 $16 ) 16.Bxg6
fxg6 { Black has new doubled pawns: g6+g7 } 17.Rad1 Nc5 ( 17...O-O 18.Nd4 Nc5
19.Be3 $14 ) 18.Qe2 ( 18.c4 $5 O-O 19.cxd5 exd5 20.Be3 $16 ) 18...O-O $14
19.Rd4 ( 19.Be3 Na6 $16 ) 19...Ne4 20.Be3 Rc8 21.Red1 Bc5 $4
{ Black lets it slip away } ( 21...Qa5 $142 { would hold out } 22.a3 g5 $11 )
22.Rxe4 $1 $18 { Deflection: d5 } 22...Qc7 ( 22...dxe4 23.Qc4
{ Double attack } ( 23.Rxd8 { Pinning } ) ( 23.Rxd8 { Deflection } ) ( 
23.Qc4 { Decoy } ) ( 23.Rxd8 { Clearance } ) ) 23.Rg4 Bxe3 24.Qxe3 ( 24.fxe3
{ might be the shorter path } 24...g5 $18 ) 24...Qxc2 25.Rgd4 ( 25.Rf1
{ might be the shorter path } 25...g5 $18 ) 25...g5 ( 25...Qxb2 26.R4d2 Qc3
27.Qxa7 Rxf3 28.gxf3 Qxf3 29.Qe3 $18 ) 26.R4d2 Qa4 27.a3 Qg4 ( 27...Rf4
28.Nd4 Re4 29.Qd3 $18 ) 28.Nd4 Rce8 29.Rf1 ( 29.Nb5 { seems even
better } 29...Qa4 30.Nd6 Re7 $18 ) 29...Rf4 ( 29...a6
{ cannot change what is in
store for ? } 30.Rc2 $18 ) 30.f3 Qh5 31.Rdf2 ( 31.Nb5
{ makes it even easier
for White } 31...Ref8 $18 ) 31...Qg6 ( 31...a6 { does not save the day }
32.Rc1 $18 ) 32.Ne2 ( 32.Nb5 { keeps an even firmer grip } 32...Rc8 $18 )
32...Rf7 33.Qxa7 Rc7 34.Qe3 Rec8 35.Nc3 ( 35.Qb6
{ and White can already relax } 35...Rf7 $18 ) 35...Rc4 36.Ne2 Rc2 $4 ( 
36...R4c7 37.Qb6 Rf7 $18 ) 37.Nd4 $18 R2c4 38.Ne2 Rc2 39.Nd4
{ Twofold repetition } 39...R2c4 40.Ne2 1/2-1/2

[Event "Tournoi ouvert de Gatineau (Section -1500)"]
[Site "Gatineau"]
[Date "2014.03.01"]
[Round "3"]
[White "Carabineanu,Marcel"]
[Black "Sailus,Christopher"]
[Result "0-1"]
[BlackElo "1174"]
[WhiteElo "1315"]

1. e4 c6 2. Nf3 d5 3. Nc3 Bg4 4. h3 Bh5 5. g4 Bg6 6. Bd3 Qc7 7. b3 e6 8. Bb2
Nd7 9. Qe2 Ngf6 10. exd5 Bxd3 11. Qxd3 cxd5 12. Nb5 Qb6 13. Bd4 Bc5 14. O-O-O
Bxd4 15. Qxd4 Qxb5 16. g5 Ne4 17. Qxg7 O-O-O 18. Qxf7 Nxf2 0-1

[Event "Tournoi ouvert de Gatineau (Section -1500)"]
[Site "Gatineau"]
[Date "2014.03.01"]
[Round "3"]
[White "Dupont-Mageau,Nicolas"]
[Black "Simard,Paul"]
[Result "1-0"]
[BlackElo "1286"]
[WhiteElo "1070"]

{ C55: Défense des deux Cavaliers } 1.e4 e5 2.Nf3 Nc6 3.Bc4 Nf6 4.Nc3 Bc5
5.O-O O-O { dernier coup de la bibliothèque } 6.Re1 d6 7.h3 { Consolide g4 }
7...a6 { Consolide b5 } 8.a3 { Couvre b4 } 8...b5
{ Les Noirs menacent un gain matériel: b5xc4 } 9.Ba2 Bb7 10.b4
{ Les Blancs menacent un gain matériel: b4xc5 } 10...Bb6 11.Nd5 Nxd5 12.Bxd5
Qf6 13.c3 { Contrôle d4 } 13...Rab8 ( 13...a5 14.Bb2 Rfb8 15.d4 $14 ) 14.Bb2
( 14.d3 h6 $16 ) 14...Rfe8 15.d4 h6 { Sécurise g5 } 16.a4 bxa4 $4 ( 
16...exd4 $142 { le seul coup de sauvetage. } 17.cxd4 Nxb4 18.Bxb7 Rxb7
19.axb5 a5 $14 ( 19...axb5 $4 20.Qb3 $18 ) ) 17.Qxa4 $18 exd4 ( 17...Nxd4
{ un
essai stérile qui ne modifie pas le cours de la partie. } 18.cxd4 Bxd5
19.dxe5 $18 ( 19.exd5 $6 e4 $18 ) ) 18.Bxc6 dxc3 ( 18...Bxc6
{ n'est pas le coup
salvateur. } 19.Qxc6 d3 $18 ) 19.Bxe8 ( 19.Bxc3 Bxc6 20.Qxc6 $18 ( 20.Bxf6 $6
{ est faible. } 20...Bxa4 21.Bxg7 Bc6 22.Bxh6 Bxe4 $11 ) ) 19...cxb2 20.Rab1
Rd8 $4 { confirme simplement la situation. } ( 20...Qc3 $18 ) 21.Bc6 Bxc6
22.Qxc6 Rb8 ( 22...a5 { ne peut pas changer le destin. } 23.bxa5 Bxa5 24.Re3
$18 ) 23.Re2 Qe6 ( 23...a5 { ne résout rien. } 24.Rexb2 axb4 25.Rxb4 $18 )
24.Rexb2 Re8 25.Re2 g5 ( 25...Rb8 { ne gagne pas un prix. } 26.Qc2 $18 )
26.Ra1 Rb8 ( 26...d5 { n'est pas d'une grande aide. } 27.Qxe6 Rxe6 28.e5 $18
) 27.Rxa6 Qb3 ( 27...Kg7 { ne sauve rien. } 28.Qc2 $18 ) 28.Ra8 Rxa8 29.Qxa8+
Kh7 ( 29...Kg7 { ne change
pas la suite de la partie. } 30.Qa1+ f6 31.Nd4 Bxd4 32.Qxd4 Qb1+ 33.Kh2 $18 )
30.Qd5 Qxd5 31.exd5 Kg6 32.g4 c5 ( 32...h5 $18
{ donne encore une petite
chance. } ) 33.dxc6 f6 34.Re7 f5 ( 34...Bd8
{ ne peut pas changer le cours des
choses pour ?. } 35.c7 Bxc7 36.Rxc7 f5 37.b5 h5 38.b6 hxg4 39.hxg4 Kf6 40.b7
Ke6 41.b8=Q fxg4 42.Qe8+ Kf5 43.Nd4+ Kf4 44.Rf7# ) 35.c7 Bxc7 ( 35...Kf6
{ n'améliore rien. } 36.c8=Q Kxe7 37.Qb7+ Kf6 38.Qxb6 Ke6 39.gxf5+ Kd5
40.Qb5+ Ke4 41.f6 d5 42.f7 g4 43.Qe2+ Kf5 44.f8=Q+ Kg6 45.hxg4 d4 46.Qd3# )
36.Rxc7 fxg4 37.hxg4 h5 38.gxh5+ Kxh5 39.Nxg5 $1 { la partie est finie.. . }
39...Kxg5 ( 39...Kg6 { ne peut pas changer le destin. } 40.b5 Kh6 41.b6 Kh5
42.b7 Kg6 43.b8=Q d5 44.Qg8+ Kf5 45.Qxd5+ Kg6 46.Ne4 Kh6 47.Qg5# ) 40.Rd7 ( 
40.b5 d5 41.b6 d4 42.b7 d3 43.Rc5+ Kg6 44.b8=Q d2 45.Qd6+ Kf7 46.Rc7+ Ke8
47.Qe7# ) 40...Kf5 ( 40...Kf6 { n'est pas le coup salvateur. } 41.Rxd6+ Kg7
42.Rd7+ Kg6 43.b5 Kf5 44.Rd5+ Kf6 45.b6 Ke6 46.Rd2 Ke5 47.b7 Kf5 48.b8=Q Kf6
49.Qf4+ Ke7 50.Qe5+ Kf7 51.Rd7+ Kg6 52.Rg7+ Kh6 53.Qg5# ) 41.Rxd6 Ke5 42.Rd1
( 42.Rd2 Ke4 43.b5 Ke5 44.b6 Kf5 45.b7 Kg6 46.b8=Q Kg5 47.Qe5+ Kg6 48.Rd6+
Kf7 49.Rd7+ Kg6 50.Rg7+ Kh6 51.Qg5# ) 42...Ke4 ( 42...Kf5
{ ne fait pas
descendre le chat de l'arbre. } 43.b5 Ke4 44.b6 Kf4 45.b7 Kg5 46.b8=Q Kf5
47.Qd6 Kg4 48.Qe5 Kh4 49.Rd4+ Kh3 50.Qe6# ) 43.b5 Kf3 ( 43...Kf5
{ ne
change pas la suite de la partie. } 44.b6 Ke5 45.b7 Kf5 46.b8=Q Ke6 47.Qf8
Ke5 48.f3 Ke6 49.Rd6+ Ke5 50.Qf6# ) 44.Kf1 ( 44.Kf1 Ke4 45.b6 Kf5 46.b7 Ke5
47.b8=Q+ Kf6 48.Qf4+ Ke7 49.Qe5+ Kf7 50.Rd7+ Kg6 51.Rg7+ Kh6 52.Qg5# ) ( 
44.Rd4 Ke2 45.Kg2 Ke1 46.Kf3 Kf1 47.Rd1# ) 1-0

[Event "Tournoi ouvert de Gatineau (Section -1500)"]
[Site "Gatineau"]
[Date "2014.03.01"]
[Round "3"]
[White "Gunn,Richard"]
[Black "Pellerin-Leclerc,Jonathan"]
[Result "1-0"]
[BlackElo "1267"]
[WhiteElo "1206"]

1. Nf3 Nc6 2. d4 d5 3. c4 e6 4. Nc3 Nf6 5. e3 a6 6. Be2 dxc4 7. Bxc4 b5 8. Be2
Bd6 9. Bd2 Bb7 10. a3 O-O 11. b4 Ne7 12. O-O Ne4 13. Nxe4 Bxe4 14. Ng5 Bg6 15.
Bf3 Rc8 16. Bb7 Rb8 17. Bxa6 Rb6 18. Bxb5 Rxb5 19. a4 Rb8 20. b5 c6 21. Qb3
cxb5 22. axb5 Bc7 23. e4 f6 24. Nxe6 Bf7 25. Nxd8 Bxb3 26. Nc6 Nxc6 27. bxc6 f5
28. Ra7 Bb6 29. Rb7 Bxd4 30. Rb1 Rbc8 31. c7 Rf7 32. exf5 Rfxc7 33. R1xb3 Rc2
34. Be3 Bxe3 35. fxe3 1-0

[Event "Tournoi ouvert de Gatineau (Section -1500)"]
[Site "Gatineau"]
[Date "2014.03.01"]
[Round "3"]
[White "Mikhaylov,Dmitry"]
[Black "Poirier,Damien"]
[Result "1-0"]
[BlackElo "1077"]
[WhiteElo "1137"]

1. e4 e5 2. Nf3 Nf6 3. d3 c5 4.
Nxe5 Bd6 5. Nf3 Nc6 6. Bg5 Qa5+ 7. Bd2 Qb6 8. Nc3 Ng4 9. Nd5 Qd8 10. Be2 Ne7
11. Ne3 Nf6 12. e5 Bb8 13. exf6 gxf6 14. Bc3 d5 15. Bxf6 Kf8 16. Nh4 Qd6 17.
Bxe7+ Kxe7 18. Nef5+ Bxf5 19. Nxf5+ Kd7 20. Nxd6 Bxd6 21. O-O Rhg8 22. Bg4+ Kc6
23. Bf3 Rg6 24. c4 Rh6 25. Bxd5+ Kc7 26. g3 Rg8 27. Bxf7 Rg7 28. Bh5 Rg5 29.
Be2 Rhg6 30. Kg2 Rg8 31. Qa4 h5 32. Rg1 h4 33. Kh3 Rh8 34. g4 Be5 35. Qa5+ b6
36. Qxa7+ Kd6 37. Qxb6+ Kd7 38. Qxc5 Bf4 39. Qd4+ Ke6 40. Qxh8 Bxh2 41. Qh6+
Rg6 42. Qxg6+ Ke5 43. Rh1 Kf4 44. Bd1 Bg3 45. Qf5# 1-0